[Event "38th Olympiad w"]
[Site "Dresden GER"]
[Date "2008.11.22"]
[Round "9"]
[White "Zykina,N"]
[Black "Pasku,R"]
[Result "1/2-1/2"]
[WhiteElo "2108"]
[BlackElo "1883"]
[EventDate "2008.11.13"]

1. e4 g6 2. Be2 Bg7 3. d3 d6 4. h4 Nf6 5. c3 c5 6. Qb3 Nc6 7. h5 h6 8. hxg6
fxg6 9. f4 Qc7 10. Nf3 e6 11. Na3 a6 12. Nh4 Na5 13. Qc2 Kf7 14. g4 h5 15.
g5 Ng4 16. Qd1 c4 17. d4 Qc6 18. Bf3 Qe8 19. e5 dxe5 20. Be4 Qd8 21. Nxg6
exd4 22. Nxh8+ Qxh8 23. Qa4 Qd8 24. g6+ Kg8 25. cxd4 Bxd4 26. Rxh5 b5 27.
Qc2 Ra7 28. Bd2 Nf6 29. Rh7 Nxh7 30. gxh7+ Kh8 31. O-O-O Rd7 32. Bc3 e5 33.
Bxd4 exd4 34. Rg1 Rg7 35. Rxg7 Kxg7 36. Qg2+ Kh8 37. Qg6 d3 38. Kd2 b4 39.
Nb1 Bb7 40. Bxb7 Nxb7 41. f5 Qf8 42. f6 Nd8 43. a3 a5 44. a4 Qf7 45. Qxf7
Nxf7 46. Ke3 Kxh7 47. Kd4 Kg6 48. Kxc4 Ne5+ 49. Kb5 Kxf6 50. Nd2 Ke6 51.
Kxa5 Nc6+ 52. Kb5 Kd6 53. Kc4 b3 54. Nxb3 Na5+ 55. Kc3 Nb7 56. Kxd3 Kd5 57.
Kc3 Nd6 58. Nd2 Kc6 59. Nc4 Ne4+ 60. Kd4 Nc5 61. Ne5+ Kb6 62. a5+ Kb5 63.
Nc4 Nb3+ 64. Kd5 Nc1 65. Kd4 Nb3+ 66. Kc3 Nc5 67. b4 Na6 68. Nd6+ Ka4 69.
Kc4 Nxb4 70. Nb7 Na6 71. Kd5 Kb5 72. Kd6 Nc5 73. Nxc5 Kxa5 74. Kd5 1/2-1/2

[Event "38th Olympiad w"]
[Site "Dresden GER"]
[Date "2008.11.22"]
[Round "9"]
[White "Kaydanovich,M"]
[Black "Driza,A"]
[Result "0-1"]
[WhiteElo "1855"]
[BlackElo "1959"]
[EventDate "2008.11.13"]

1. d4 d5 2. c4 c6 3. Nc3 Nf6 4. Nf3 dxc4 5. e4 b5 6. Qc2 e6 7. Be2 Be7 8.
O-O O-O 9. a4 Bd7 10. Nd1 Qb6 11. h3 Na6 12. Be3 Qb7 13. Ne5 Nb4 14. Qb1
Rfd8 15. f4 Be8 16. Nc3 Nd7 17. Ng4 a6 18. Nf2 c5 19. Rd1 cxd4 20. Bxd4 Bc5
21. Bxc5 Nxc5 22. Rxd8 Rxd8 23. axb5 axb5 24. Bf3 Bc6 25. Ra3 h6 26. Ncd1
Nbd3 27. Ne3 Nxf2 28. Kxf2 Bxe4 29. Bxe4 Qxe4 30. Qxe4 Nxe4+ 31. Kf3 f5 0-1

[Event "38th Olympiad w"]
[Site "Dresden GER"]
[Date "2008.11.22"]
[Round "9"]
[White "Mudongo,B"]
[Black "Hamza,A"]
[Result "0-1"]
[WhiteElo "1917"]
[BlackElo "1880"]
[EventDate "2008.11.13"]

1. e4 e6 2. d4 d5 3. e5 c5 4. Qg4 cxd4 5. Nf3 Nc6 6. Bd3 Qc7 7. Qg3 Nb4 8.
Nxd4 Nxd3+ 9. cxd3 Qxc1+ 10. Ke2 Qxb2+ 11. Nd2 Qxd4 12. Rab1 Nh6 13. h3 Nf5
14. Qh2 Bc5 15. g4 Nh4 16. Rhc1 b6 17. Qg3 Ng6 18. Nf3 Nf4+ 19. Kf1 Qxd3+
20. Kg1 0-1

[Event "38th Olympiad w"]
[Site "Dresden GER"]
[Date "2008.11.22"]
[Round "9"]
[White "Latreche,S"]
[Black "Sabure,O"]
[Result "1-0"]
[WhiteElo "2015"]
[BlackElo "1641"]
[EventDate "2008.11.13"]

1. e4 e5 2. Nf3 d6 3. d4 exd4 4. Qxd4 Nc6 5. Bb5 a6 6. Bxc6+ bxc6 7. O-O h6
8. Nc3 Nf6 9. e5 c5 10. Qe3 dxe5 11. Nxe5 Be6 12. Re1 Qd4 13. Qf3 Rc8 14.
Qc6+ Nd7 15. Nxf7 Bd6 16. Nxd6+ Qxd6 17. Rxe6+ Qe7 18. Rxe7+ Kxe7 19. Nd5+
Kf7 20. Qxd7+ 1-0

[Event "38th Olympiad w"]
[Site "Dresden GER"]
[Date "2008.11.22"]
[Round "9"]
[White "Lee Wing"]
[Black "Pacheco,H"]
[Result "1/2-1/2"]
[WhiteElo "2014"]
[BlackElo "1952"]
[EventDate "2008.11.13"]

1. e4 d5 2. exd5 Nf6 3. c4 e6 4. dxe6 Bxe6 5. Nf3 Nc6 6. Be2 Bc5 7. a3 a5
8. Nc3 O-O 9. O-O Re8 10. d3 Qd6 11. Bg5 Bf5 12. Qd2 a4 13. Nh4 Nd4 14.
Nxf5 Nxf5 15. Bf3 c6 16. Bxf6 Qxf6 17. Ne4 Qd4 18. Nxc5 Qxc5 19. Qb4 Qa7
20. Rfe1 Nd4 21. Qc3 c5 22. Rad1 Qb6 23. Qd2 Qf6 24. Re4 Nxf3+ 25. gxf3
Qxf3 26. Rde1 Rxe4 27. Rxe4 f5 28. Re5 Qg4+ 29. Kh1 Qf3+ 30. Kg1 Qg4+ 31.
Kh1 Qf3+ 1/2-1/2

[Event "38th Olympiad w"]
[Site "Dresden GER"]
[Date "2008.11.22"]
[Round "9"]
[White "Ui Laighleis,G"]
[Black "Gonzalez,Yar"]
[Result "0-1"]
[WhiteElo "1935"]
[BlackElo "1912"]
[EventDate "2008.11.13"]

1. d4 d5 2. Nf3 Nf6 3. e3 e6 4. Bd3 Nc6 5. c3 Bd6 6. Nbd2 Qe7 7. O-O e5 8.
e4 O-O 9. exd5 Nxd5 10. dxe5 Nxe5 11. Nxe5 Qxe5 12. Nf3 Qh5 13. Bxh7+ Kxh7
14. Ng5+ Kg6 15. Qxh5+ Kxh5 16. g3 f6 17. Nf3 Nb6 18. Nh4 g5 19. Ng2 Bh3
20. Re1 Bxg2 21. Kxg2 Rae8 22. Be3 Nc8 23. Rad1 Re7 24. h3 Rfe8 25. h4 Bc5
26. hxg5 Bxe3 27. gxf6 Rf7 28. fxe3 Kg6 29. Rd4 Rxf6 30. Rg4+ Kf7 31. Rh4
Re7 32. Rh7+ Ke6 33. Rh4 Nd6 34. e4 Rg6 35. g4 Kd7 36. Kf3 Rf6+ 37. Kg2
Rxe4 38. Rd1 Re2+ 39. Kg3 Kc6 40. g5 Rg6 41. Rdd4 Nf5+ 42. Kg4 Nxd4 43.
cxd4 Rg2+ 44. Kf4 R2xg5 0-1

[Event "38th Olympiad w"]
[Site "Dresden GER"]
[Date "2008.11.23"]
[Round "10"]
[White "Corbin,R"]
[Black "Mudongo,B"]
[Result "1-0"]
[WhiteElo "1876"]
[BlackElo "1917"]
[EventDate "2008.11.13"]

1. e4 c5 2. Nf3 d6 3. d4 cxd4 4. Nxd4 Nf6 5. Nc3 a6 6. Be3 e6 7. Be2 b5 8.
a3 Qc7 9. O-O Be7 10. f4 Nbd7 11. Qd2 Nc5 12. e5 Nfe4 13. Nxe4 Nxe4 14. Qd3
Nc5 15. Qd2 Bb7 16. Bf3 Bxf3 17. Nxf3 Na4 18. Qf2 O-O 19. Bd4 dxe5 20. fxe5
Rac8 21. b3 Nc3 22. Rfc1 h6 23. Qd2 Rfd8 24. Kh1 Ne4 25. Qe2 Nc3 26. Qe3
Rd5 27. Bxc3 Qxc3 28. Qa7 Bg5 29. Nxg5 hxg5 30. Rf1 Rc7 31. Qa8+ Kh7 32.
Rac1 Rxe5 33. Qf3 Qxf3 34. Rxf3 Kg6 35. h3 Re2 36. c4 bxc4 37. bxc4 Re5 38.
g4 Rcc5 39. Kg2 Re4 40. Rfc3 Rf4 41. a4 f6 42. a5 e5 43. Kg3 Kf7 44. R1c2
g6 45. Rb3 Rd4 46. Rb6 Rxa5 47. c5 Rb5 48. Rxa6 Rb7 49. c6 Rc7 50. Rb6 Ke7
51. Rc3 f5 52. Kf3 f4 53. Ke2 Kd6 54. Kf2 e4 55. Rb8 e3+ 56. Kf3 Rd5 57.
Rg8 Ke5 58. Rxg6 Kd4 59. Rc1 Rb5 60. Rd1+ Kc3 61. Rd7 Rxd7 62. cxd7 Rd5 63.
Rxg5 Rxd7 64. Re5 Rd4 65. g5 Kd2 66. g6 Rd8 67. h4 Rd3 68. Kxf4 e2 69. g7
Rd8 70. h5 e1=Q 71. Rxe1 Kxe1 72. h6 Rd4+ 73. Ke5 Rg4 74. Kf5 Rg1 75. Kf6
Rg2 76. h7 Rf2+ 77. Ke7 Re2+ 78. Kf8 Rf2+ 79. Kg8 Kd2 80. h8=Q Ke1 81. Qh1+
Ke2 82. Qe4+ Kf1 83. Qd3+ Kg2 84. Kh7 1-0